书目信息 |
| 题名: |
食品卫生工作手册
|
|
| 作者: | 郑鹏然 , 周树南 主编 | |
| 分册: | ||
| 出版信息: | 北京 人民卫生出版社 1985.4 |
|
| 页数: | 873页 | |
| 开本: | 21cm | |
| 丛书名: | ||
| 单 册: | ||
| 中图分类: | R155.5-62 | |
| 科图分类: | ||
| 主题词: | 营养卫生 , 食品卫生 , 饮食卫生 , 食品卫生学 | |
| 电子资源: | ||
| ISBN: | ||
| 000 | 00663nam0 2200229 45 | |
| 001 | 0181012991 | |
| 005 | 20060424082523.21 | |
| 010 | @dCNY5.70 | |
| 100 | @a20810111d km y0chiy0120 ea | |
| 101 | 0 | @achi |
| 200 | 1 | @a食品卫生工作手册@Ashi pin wei sheng gong zuo shou ce@f郑鹏然,周树南主编@Fzheng peng ran,zhou shu nan zhu bian |
| 210 | @a北京@c人民卫生出版社@d1985.4 | |
| 215 | @a873页@d21cm | |
| 606 | 0 | @a营养卫生 |
| 606 | 0 | @a食品卫生 |
| 606 | 0 | @a饮食卫生 |
| 606 | 0 | @a食品卫生学 |
| 690 | @aR155.5-62 | |
| 701 | 0 | @a郑鹏然@Azheng peng ran@4主编 |
| 701 | 0 | @a周树南@Azhou shu nan@4主编 |
| 801 | @aCN@bTSTC@c20060424 | |
| 905 | @dR155.5-62@f1@b139782 | |
| 食品卫生工作手册/郑鹏然,周树南主编.-北京:人民卫生出版社,1985.4 |
| 873页;21cm |
| ISBN :CNY5.70 |
| ● |
| 相关链接 |
|
|
|
|
正题名:食品卫生工作手册
索取号:R155.5-62
 
预约/预借
| 序号 | 登录号 | 条形码 | 馆藏地/架位号 | 状态 | 备注 |
| 1 | 0139782 | 202246417 | 密集书库/ [索取号:R155.5-62] | 在馆 |